[Event "POL-chT 2nd League"]
[Site "Szklarska Poreba"]
[Date "2017.09.08"]
[Round "7.12"]
[White "Kmak, Wieslaw"]
[Black "Zychowicz, Marcin"]
[Result "1/2-1/2"]
[WhiteElo "1867"]
[BlackElo "1857"]
[PlyCount "146"]
[EventDate "2017.09.02"]
[EventType "team-swiss"]
[EventRounds "9"]
[EventCountry "POL"]
[SourceTitle "CBM 180 Extra"]
[Source "ChessBase"]
[SourceDate "2017.10.06"]
[SourceVersion "1"]
[SourceVersionDate "2017.10.06"]
[SourceQuality "1"]
[WhiteTeam "Chrzanow Olimpijczyk"]
[BlackTeam "Minsk Mazowiecki MTSz"]
[WhiteTeamCountry "POL"]
[BlackTeamCountry "POL"]

1. d4 Nf6 2. Nf3 c5 3. e3 e6 4. Bd3 Be7 5. 0-0 0-0 6. Nbd2 Nc6 7. b3 b6 8. Bb2 d6 9. c4 Bb7 10. Rc1 Qc7 11. Qe2 Rfe8 12. Bb1 h6 13. a3 e5 14. d5 Nb8 15. Qd3 Nbd7 16. Nh4 Nf8 17. Nf5 Bd8 18. Ne4 Nxe4 19. Qxe4 Bc8 20. f4 Bf6 21. Ng3 Qe7 22. f5 Bh4 23. Nh5 Qg5 24. Nxg7 Kxg7 25. Rf4 Qf6 26. Rxh4 Bxf5 27. Qxf5 Qxh4 28. Rf1 Re7 29. g3 Qg5 30. Qe4 Kg8 31. Rf5 Qg7 32. Qh4 Ng6 33. Qh3 Kh7 34. Rh5 Rh8 35. g4 Kg8 36. g5 Nf8 37. Qg4 Nh7 38. Qc8+ Qf8 39. Qxf8+ Nxf8 40. gxh6 f6 41. Bf5 Kf7 42. e4 Ke8 43. Bc1 Nh7 44. Kf2 Kd8 45. Rh3 Rg8 46. Rf3 a6 47. a4 Kc7 48. h4 b5 49. Bd2 Kb6 50. Bxh7 Rxh7 51. Rxf6 Kc7 52. axb5 axb5 53. Ba5+ Kd7 54. cxb5 Ra8 55. Bd2 Rb8 56. Rg6 Rxb5 57. Rg7+ Rxg7 58. hxg7 Rb8 59. h5 Ke7 60. h6 Kf7 61. Bg5 Rb7 62. Kg3 Rxb3+ 63. Kg4 c4 64. Bf6 Kg8 65. Kf5 Kh7 66. Ke6 c3 67. Kxd6 c2 68. Bg5 Rg3 69. Bc1 Rg1 70. Be3 Re1 71. Bg5 Rg1 72. Bd2 Rd1 73. Bg5 Rg1 1/2-1/2

[Event "Karpacz op"]
[Site "Karpacz"]
[Date "2013.07.28"]
[Round "7"]
[White "Kmak, Wieslaw"]
[Black "Malaniuk, Vladimir P"]
[Result "0-1"]
[WhiteElo "1958"]
[BlackElo "2529"]
[PlyCount "98"]
[EventDate "2013.07.22"]
[EventType "swiss"]
[EventRounds "9"]
[EventCountry "POL"]
[SourceTitle "EXT 2014"]
[Source "ChessBase"]
[SourceDate "2013.11.20"]
[SourceVersion "1"]
[SourceVersionDate "2013.11.20"]
[SourceQuality "1"]

1. d4 Nf6 2. Bf4 g6 3. e3 Bg7 4. Be2 d6 5. h3 c5 6. c3 Nbd7 7. Nf3 b6 8. Nbd2 Bb7 9. 0-0 0-0 10. a4 a6 11. Re1 Ra7 12. Qb1 Qa8 13. Bf1 Ne4 14. Qa2 Nxd2 15. Nxd2 Bc6 16. Bh2 Rc8 17. f3 cxd4 18. exd4 Nf6 19. Bc4 Bd5 20. Bxd5 Nxd5 21. Ne4 Qc6 22. Re2 Rb7 23. Rae1 b5 24. axb5 axb5 25. Kh1 Rd7 26. Nd2 e6 27. Ne4 b4 28. c4 Qxc4 29. Qxc4 Rxc4 30. Nxd6 Rc6 31. Ne4 Bxd4 32. Rd1 Bg7 33. Red2 Ra7 34. Nf2 Bh6 35. Re2 b3 36. Be5 Rc2 37. Bd4 Ra4 38. Re4 Rxd4 39. Rexd4 Rxf2 40. Rb1 Bg7 41. Rd3 Bxb2 42. Rxb3 Be5 43. Re1 Bd4 44. Rd1 e5 45. Rc1 Nf4 46. Rb7 Ne2 47. Rcc7 Rf1+ 48. Kh2 Bg1+ 49. Kh1 Bf2+ 0-1

[Event "Karpacz op"]
[Site "Karpacz"]
[Date "2013.07.27"]
[Round "6"]
[White "Piela, Dominik"]
[Black "Kmak, Wieslaw"]
[Result "0-1"]
[WhiteElo "1478"]
[BlackElo "1958"]
[PlyCount "58"]
[EventDate "2013.07.22"]
[EventType "swiss"]
[EventRounds "9"]
[EventCountry "POL"]
[SourceTitle "EXT 2014"]
[Source "ChessBase"]
[SourceDate "2013.11.20"]
[SourceVersion "1"]
[SourceVersionDate "2013.11.20"]
[SourceQuality "1"]

1. e4 g6 2. d4 Bg7 3. Nf3 c5 4. c3 Qb6 5. dxc5 Qxc5 6. Be3 Qc7 7. Bd3 Nf6 8. h3 0-0 9. Qc1 Nc6 10. Bh6 d5 11. Bxg7 Kxg7 12. Nbd2 dxe4 13. Nxe4 Bf5 14. Nfd2 Rad8 15. Bc2 Qe5 16. 0-0 Nxe4 17. Re1 Rxd2 18. Bxe4 Qf4 19. Bf3 Rfd8 20. Rd1 Rxd1+ 21. Bxd1 Rd2 22. Bf3 Ne5 23. Qe1 Nxf3+ 24. gxf3 Bxh3 25. Qxe7 Rd5 26. Qe3 Rg5+ 27. Kh1 Bg2+ 28. Kg1 Bxf3+ 29. Kf1 Rh5 0-1

[Event "Krakow-ch 3rd"]
[Site "Krakow"]
[Date "2012.08.10"]
[Round "3.10"]
[White "Kmak, Wieslaw"]
[Black "Gbyl, Andrzej"]
[Result "0-1"]
[WhiteElo "1975"]
[BlackElo "2239"]
[PlyCount "54"]
[EventDate "2012.08.08"]
[EventType "swiss"]
[EventRounds "9"]
[EventCountry "POL"]
[SourceTitle "EXT 2023"]
[Source "ChessBase"]
[SourceDate "2022.10.05"]
[SourceVersion "1"]
[SourceVersionDate "2022.10.05"]
[SourceQuality "1"]

1. d4 d5 2. Bf4 Nf6 3. e3 c6 4. c4 e6 5. Nc3 Nbd7 6. Nf3 Be7 7. Rc1 0-0 8. Qc2 Re8 9. h3 a6 10. Bd3 dxc4 11. Bxc4 b5 12. Bd3 c5 13. 0-0 Bb7 14. Ne5 cxd4 15. exd4 Rc8 16. Qe2 Nb6 17. Be3 b4 18. Nb1 Qd5 19. f4 Qxa2 20. g4 Rxc1 21. Rxc1 Qd5 22. Kh2 Rc8 23. Rxc8+ Nxc8 24. Nd2 Qh1+ 25. Kg3 Nd6 26. g5 Nd5 27. Be4 Nxe4+ 0-1

[Event "POL-chT2 South"]
[Site "Ustron"]
[Date "2001.09.??"]
[Round "?"]
[White "Kmak, Wieslaw"]
[Black "Zaboklicki, Zbigniew"]
[Result "1/2-1/2"]
[WhiteElo "2036"]
[BlackElo "2079"]
[PlyCount "132"]
[EventDate "2001.09.14"]
[EventType "team-swiss"]
[EventRounds "10"]
[EventCountry "POL"]
[SourceTitle "EXT 2019"]
[Source "ChessBase"]
[SourceDate "2018.10.10"]
[SourceVersion "1"]
[SourceVersionDate "2018.10.10"]
[SourceQuality "1"]

1. d4 d5 2. Nf3 Nf6 3. Bf4 e6 4. e3 Bd6 5. Ne5 Bxe5 6. dxe5 Nfd7 7. Qg4 Kf8 8. Nd2 Nc6 9. Qg3 Ne7 10. Bd3 c6 11. 0-0 Ng6 12. c3 Qh4 13. Qxh4 Nxh4 14. Bg3 Ng6 15. f4 Nc5 16. Bc2 Ne7 17. b4 Na6 18. Nb3 b6 19. e4 Nc7 20. f5 dxe4 21. f6 Nf5 22. Bxe4 Ba6 23. Bxc6 Nxg3 24. hxg3 Bxf1 25. Bxa8 Nxa8 26. Rxf1 gxf6 27. exf6 Nc7 28. Rd1 Nd5 29. c4 Nxf6 30. Rd8+ Kg7 31. Rxh8 Kxh8 32. c5 bxc5 33. bxc5 Nd5 34. Kf2 Kg7 35. Kf3 Kf6 36. Nd4 a6 37. a3 h5 38. Nc6 Nc7 39. Kf4 Nb5 40. a4 Nc3 41. Nb4 a5 42. Nc6 Nxa4 43. Nxa5 Nxc5 44. Nc6 Nd7 45. Nd8 Kg6 46. g4 hxg4 47. Kxg4 f5+ 48. Kf3 Kf6 49. g3 Ne5+ 50. Ke3 Nf7 51. Nc6 Kg5 52. Nd4 e5 53. Nf3+ Kh5 54. Kf2 e4 55. Nh2 Kg5 56. Ke3 Ne5 57. Nf1 Ng4+ 58. Ke2 Kf6 59. Nd2 Ke5 60. Nf1 Kd4 61. Nd2 Nh2 62. Nb3+ Kc3 63. Nd2 Ng4 64. Nf1 Kc2 65. Ne3+ Nxe3 66. Kxe3 Kd1 1/2-1/2